El hombre muerto / (Registro nro. 3555)
[ vista simple ]
| 000 -LEADER | |
|---|---|
| fixed length control field | 01044nam a2200253Ia 4500 |
| 003 - CONTROL NUMBER IDENTIFIER | |
| control field | OSt |
| 005 - DATE AND TIME OF LATEST TRANSACTION | |
| control field | 20250801114500.0 |
| 008 - FIXED-LENGTH DATA ELEMENTS--GENERAL INFORMATION | |
| fixed length control field | 191128s1990 ck gr 000 j spa d |
| 020 ## - INTERNATIONAL STANDARD BOOK NUMBER | |
| International Standard Book Number | 9580409773 |
| 040 ## - CATALOGING SOURCE | |
| Original cataloging agency | CO-JMCR |
| Transcribing agency | CO-JMCR |
| 041 ## - LANGUAGE CODE | |
| Language code of text/sound track or separate title | spa |
| 082 04 - DEWEY DECIMAL CLASSIFICATION NUMBER | |
| Classification number | A-C |
| Item number | QUIh |
| 100 1# - MAIN ENTRY--PERSONAL NAME | |
| Personal name | Quiroga, Horacio, |
| Dates associated with a name | 1878-1937, |
| Relator term | autor |
| 9 (RLIN) | 4855 |
| 245 13 - TITLE STATEMENT | |
| Title | El hombre muerto / |
| Statement of responsibility, etc. | Horacio Quiroga |
| 250 ## - EDITION STATEMENT | |
| Edition statement | Primera edición |
| 260 ## - PUBLICATION, DISTRIBUTION, ETC. | |
| Place of publication, distribution, etc. | Bogotá : |
| Name of publisher, distributor, etc. | Norma, |
| Date of publication, distribution, etc. | 1990 |
| 300 ## - PHYSICAL DESCRIPTION | |
| Extent | 148 páginas ; |
| Dimensions | 20 cm. |
| 490 ## - SERIES STATEMENT | |
| Series statement | Cara y cruz |
| 500 ## - GENERAL NOTE | |
| General note | Con: A propósito de Horacio Quiroga y su obra |
| 505 ## - FORMATTED CONTENTS NOTE | |
| Formatted contents note | El hombre muerto -- El hijo -- Los precursores -- La llama -- La voluntad -- Anaconda -- El desierto -- A la deriva -- Los desterrados -- El almohadón de pluma -- La insolación |
| 520 ## - SUMMARY, ETC. | |
| Summary, etc. | Horacio Quiroga destiló una notoria precisión de estilo que le permitió narrar magistralmente la violencia y el horror que se esconden detrás de la aparente apacibilidad de la naturaleza. |
| 650 ## - SUBJECT ADDED ENTRY--TOPICAL TERM | |
| Topical term or geographic name entry element | Cuentos uruguayos |
| 9 (RLIN) | 4859 |
| 942 ## - ADDED ENTRY ELEMENTS (KOHA) | |
| Source of classification or shelving scheme | Dewey Decimal Classification |
| Koha item type | Books |
| Withdrawn status | Lost status | Source of classification or shelving scheme | Damaged status | Not for loan | Collection code | Home library | Current library | Date acquired | Source of acquisition | Total Checkouts | Full call number | Barcode | Date last seen | Date last checked out | Copy number | Koha item type |
|---|---|---|---|---|---|---|---|---|---|---|---|---|---|---|---|---|
| Dewey Decimal Classification | Fiction | Biblioteca Pública José María del Castillo y Rada | Biblioteca Pública José María del Castillo y Rada | 11/28/2019 | Donación | 3 | A-C QUIh | 201807419 | 09/26/2022 | 09/20/2022 | Ej.1 | Books |